Francis Ford Coppola Movies - Statistics

General Stats
  • This quiz has been taken 58 times
    53 since last reset
  • The average score is 5 of 24
Answer Stats
Release Year Answer % Correct
1972 The Godfather
100%
1979 Apocalypse Now
60%
1990 The Godfather Part III
52%
2024 Megalopolis
38%
1974 The Conversation
38%
1989 (Co-Director) New York Stories
26%
1983 The Outsiders
21%
1996 Jack
19%
1982 One from the Heart
19%
1983 Rumble Fish
17%
1986 Peggy Sue Got Married
12%
1963 Dementia 13
10%
1968 Finian's Rainbow
10%
2009 Tetro
10%
1984 The Cotton Club
7%
1997 The Rainmaker
7%
1992 Bram Stroker's Dracula
5%
2011 Twixt
5%
1987 Gardens of Stone
2%
1966 You're a Big Boy Now
2%
2007 Youth Without Youth
2%
1974 The Godfather Part II; The Conversation
0%
1962 Tonight for Sure
0%
1988 Tucker: The Man and His Dreams
0%
No matching quizzes found
Score Distribution
Percent of People with Each Score
Percentile by Number Answered
Your Score History
You have not taken this quiz since the last reset